| 000 | 01237cam a22002894a 4500 | ||
|---|---|---|---|
| 001 | 17070568 | ||
| 005 | 20241030175035.0 | ||
| 008 | 111204s2012 njua b 001 0 eng | ||
| 020 | _a9781118113905 | ||
| 020 | _a9781118237472 (ebk.) | ||
| 020 | _a9781118224168 (ebk.) | ||
| 020 | _a9781118262436 (ebk.) | ||
| 050 | 0 | 0 |
_aHG4751 _b.S33 2012 |
| 082 | 0 | 0 |
_a332.63/2 _223 |
| 100 | 1 |
_aScharfman, Jason A., _d1978- |
|
| 245 | 1 | 0 |
_aPrivate equity operational due diligence : _btools to evaluate liquidity, valuation, and documentation / _cJason A. Scharfman. |
| 260 |
_aHoboken, New Jersey : _bJohn Wiley & Sons, Inc., _c©2012. |
||
| 300 |
_axv, 371 pages : _billustrations ; _c24 cm. |
||
| 650 | 0 | _aPrivate equity. | |
| 650 | 0 | _aReal estate investment. | |
| 650 | 0 | _aReasonable care (Law) | |
| 856 | 4 | 2 |
_3Cover image _uhttp://catalogimages.wiley.com/images/db/jimages/9781118113905.jpg |
| 856 | 4 | 2 |
_3Publisher description _uhttp://catdir.loc.gov/catdir/enhancements/fy1205/2011048538-d.html |
| 856 | 4 | 1 |
_3Table of contents only _uhttp://catdir.loc.gov/catdir/enhancements/fy1205/2011048538-t.html |
| 856 | 4 | 2 |
_3Contributor biographical information _uhttp://www.loc.gov/catdir/enhancements/fy1210/2011048538-b.html |
| 942 |
_2lcc _cBK _n0 |
||
| 999 |
_c400 _d400 |
||